[Event "18è TORNEIG MAGISTRAL D'ESCACS CIUTAT D"]
[Site "Barcelona - Spain"]
[Date "????.??.??"]
[Round "1"]
[White "Lopez Martinez, Josep Manuel"]
[Black "Ftacnik, Lubomir"]
[Result "1/2-1/2"]
[WhiteElo "2555"]
[BlackElo "2546"]
[PlyCount "102"]
[EventDate "2013.10.25"]
[EventRounds "7"]
[EventCountry "ESP"]

1. e4 c5 2. Nf3 d6 3. d4 cxd4 4. Nxd4 Nf6 5. Nc3 a6 6. Be3 e5 7. Nb3 Be6 8. f3
Be7 9. Qd2 h5 10. O-O-O Nbd7 11. Nd5 Nxd5 12. exd5 Bf5 13. Kb1 Rc8 14. Rc1 O-O
15. Be2 Nf6 16. Rhd1 Qd7 17. Qb4 Bd8 18. h3 h4 19. Rd2 Nh5 20. Na5 Ng3 21. Bd3
Bxa5 22. Qxa5 e4 23. fxe4 Nxe4 24. Re2 Rfe8 25. Ree1 Nf6 26. Qd2 Nxd5 27. Bf2
Rxe1 28. Bxe1 Bxd3 29. Qxd3 Nf4 30. Qf3 Ng6 31. Rd1 Rc6 32. b3 Qe6 33. Bf2 Ne5
34. Qh5 Qg6 35. Qxg6 Nxg6 36. Rd4 f5 37. Bxh4 Nxh4 38. Rxh4 Kf7 39. Kc1 Rc3 40.
Rb4 b5 41. a4 Rg3 42. axb5 axb5 43. Rxb5 Ke6 44. Rb8 Rxg2 45. b4 f4 46. Rf8 g5
47. b5 Kd7 48. Rf7+ Kc8 49. Kb2 Rg3 50. h4 gxh4 51. Rxf4 Rg5 1/2-1/2

[Event "18è TORNEIG MAGISTRAL D'ESCACS CIUTAT D"]
[Site "Barcelona - Spain"]
[Date "????.??.??"]
[Round "1"]
[White "Shankland, Samuel L"]
[Black "Balogh, Csaba"]
[Result "1/2-1/2"]
[WhiteElo "2605"]
[BlackElo "2632"]
[PlyCount "73"]
[EventDate "2013.10.25"]
[EventRounds "7"]
[EventCountry "ESP"]

1. d4 d5 2. c4 c6 3. Nf3 Nf6 4. Nc3 dxc4 5. a4 e6 6. e3 c5 7. Bxc4 cxd4 8. exd4
Nc6 9. O-O Be7 10. Bg5 O-O 11. Re1 Bd7 12. Qe2 Nb4 13. Ne5 Be8 14. Rad1 Nfd5
15. Nxd5 Nxd5 16. Bxd5 Bxg5 17. Bxb7 Bxa4 18. Ra1 Rb8 19. Bc6 Bb3 20. Nd7 Rc8
21. Qb5 Re8 22. Nc5 Bc4 23. Qxc4 Rxc6 24. Rxa7 Bf6 25. Qa4 Rb6 26. Nd7 Rxb2 27.
Nxf6+ gxf6 28. d5 Re7 29. Rxe7 Qxe7 30. dxe6 Qxe6 31. Qe8+ Qxe8 32. Rxe8+ Kg7
33. g3 Rb3 34. Rd8 Rb2 35. Re8 Rb3 36. Rd8 Rb2 37. Re8 1/2-1/2

[Event "18è TORNEIG MAGISTRAL D'ESCACS CIUTAT D"]
[Site "Barcelona - Spain"]
[Date "????.??.??"]
[Round "1"]
[White "Edouard, Romain"]
[Black "Narciso Dublan, Marc"]
[Result "1/2-1/2"]
[WhiteElo "2657"]
[BlackElo "2521"]
[PlyCount "81"]
[EventDate "2013.10.25"]
[EventRounds "7"]
[EventCountry "ESP"]

1. Nf3 f5 2. g3 Nf6 3. Bg2 e6 4. O-O Be7 5. c4 O-O 6. d3 d6 7. Nc3 Qe8 8. e4
fxe4 9. dxe4 e5 10. c5 Kh8 11. Bg5 Na6 12. Bxf6 Rxf6 13. Nd5 Rh6 14. cxd6 Bxd6
15. Ne3 Rf6 16. Nf5 Nc5 17. Qc2 Qa4 18. Qxa4 Nxa4 19. b3 Nc3 20. Rfe1 Bxf5 21.
exf5 Rxf5 22. Nh4 Rf6 23. Bxb7 Raf8 24. Re3 Nb5 25. Rf1 Nd4 26. Bd5 g5 27. Ng2
c6 28. Be4 Bc5 29. g4 Nb5 30. Bf5 Bxe3 31. Nxe3 Nc3 32. Kg2 Rd8 33. Rc1 Ne2 34.
Rc5 Nf4+ 35. Kf3 Nd5 36. Nc4 Re8 37. Ke4 Nc3+ 38. Ke3 Nd5+ 39. Ke4 Nc3+ 40. Ke3
Nd5+ 41. Ke4 1/2-1/2

[Event "18è TORNEIG MAGISTRAL D'ESCACS CIUTAT D"]
[Site "Barcelona - Spain"]
[Date "????.??.??"]
[Round "2"]
[White "Ftacnik, Lubomir"]
[Black "Narciso Dublan, Marc"]
[Result "0-1"]
[WhiteElo "2546"]
[BlackElo "2521"]
[PlyCount "88"]
[EventDate "2013.10.25"]
[EventRounds "7"]
[EventCountry "ESP"]

1. Nf3 f5 2. g3 Nf6 3. Bg2 e6 4. c4 Be7 5. O-O O-O 6. d4 d5 7. b3 Nc6 8. Bb2
Ne4 9. Nbd2 a5 10. a3 Bd7 11. Ne1 a4 12. cxd5 exd5 13. b4 Na7 14. Nd3 Nc8 15.
Nf3 Nb6 16. Nfe5 Bf6 17. Nc5 Bc8 18. f3 Nd6 19. e4 Nbc4 20. Qc1 b6 21. exd5
Nxb2 22. Qxb2 bxc5 23. bxc5 Ba6 24. cxd6 Bxf1 25. dxc7 Qxd5 26. Rxf1 Bxe5 27.
dxe5 Qc5+ 28. Kh1 Qxc7 29. f4 Rab8 30. Qd4 Qc2 31. Qf2 Qc3 32. Qf3 Rfc8 33.
Qd5+ Kh8 34. e6 Qxa3 35. Qxf5 Rc1 36. Qe4 Rxf1+ 37. Bxf1 Qb4 38. Qd5 Qb7 39.
Bc4 Qxd5+ 40. Bxd5 g6 41. Kg2 Kg7 42. g4 Kf6 43. Kf3 a3 44. Ke4 Rb2 0-1

[Event "18è TORNEIG MAGISTRAL D'ESCACS CIUTAT D"]
[Site "Barcelona - Spain"]
[Date "????.??.??"]
[Round "3"]
[White "Shankland, Samuel L"]
[Black "Lopez Martinez, Josep Manuel"]
[Result "1-0"]
[WhiteElo "2605"]
[BlackElo "2555"]
[PlyCount "123"]
[EventDate "2013.10.25"]
[EventRounds "7"]
[EventCountry "ESP"]

1. d4 Nf6 2. c4 e6 3. Nf3 d5 4. Nc3 Nbd7 5. cxd5 exd5 6. Bf4 c6 7. e3 Nh5 8.
Bg5 Be7 9. Bxe7 Qxe7 10. Qc2 Nb6 11. h3 g6 12. g4 Nf6 13. O-O-O Be6 14. Ne5 Ne4
15. Kb1 O-O-O 16. Rc1 Kb8 17. Ka1 f6 18. Nd3 Bc8 19. Nxe4 dxe4 20. Nc5 f5 21.
gxf5 gxf5 22. b4 Nd5 23. b5 cxb5 24. Bxb5 b6 25. Na6+ Bxa6 26. Bxa6 Nb4 27. Qc4
Nxa6 28. Qxa6 Rc8 29. Qb5 Qe6 30. Rhg1 Rhf8 31. Kb1 Qd6 32. Rc4 f4 33. Rgc1
Rxc4 34. Qxc4 fxe3 35. fxe3 Qd7 36. Qc2 Rf1 37. h4 h5 38. Qh2+ Kb7 39. Qe5
Rxc1+ 40. Kxc1 Qg4 41. Qf4 Qe6 42. Kb2 Qd5 43. Qf1 Kc7 44. Qa6 Kb8 45. Qa4 Qd8
46. Kb3 Qg8+ 47. Ka3 Qf8+ 48. Qb4 Qd8 49. Kb3 Qg8+ 50. Kb2 Qd8 51. Kc3 Qc7+ 52.
Kb3 Qd8 53. a4 Qg8+ 54. Ka3 Qd8 55. a5 Qc7 56. Kb2 Qh2+ 57. Kb3 Qh1 58. axb6
Qb1+ 59. Kc4 Qa2+ 60. Kc5 a5 61. Qc4 Qa3+ 62. Kb5 1-0

[Event "18è TORNEIG MAGISTRAL D'ESCACS CIUTAT D"]
[Site "Barcelona - Spain"]
[Date "????.??.??"]
[Round "3"]
[White "Edouard, Romain"]
[Black "Alsina Leal, Daniel"]
[Result "1/2-1/2"]
[WhiteElo "2657"]
[BlackElo "2539"]
[PlyCount "114"]
[EventDate "2013.10.25"]
[EventRounds "7"]
[EventCountry "ESP"]

1. e4 c5 2. Nf3 Nc6 3. Bb5 e6 4. O-O Nge7 5. Re1 a6 6. Bf1 d5 7. exd5 Nxd5 8.
d4 Nf6 9. Be3 Be7 10. dxc5 Qxd1 11. Rxd1 Ng4 12. Bf4 Bxc5 13. Bg3 h5 14. Rd2 h4
15. Bc7 Bd7 16. Nc3 Rc8 17. Bd6 Bxd6 18. Rxd6 Nge5 19. Ng5 Ke7 20. Rad1 f6 21.
Nge4 Rhd8 22. Na4 Nf7 23. Rxd7+ Rxd7 24. Rxd7+ Kxd7 25. Nb6+ Kc7 26. Nxc8 Kxc8
27. Bc4 Ncd8 28. f4 Kd7 29. Kf2 f5 30. Nd2 g5 31. Nf3 gxf4 32. Nxh4 Ne5 33. Bd3
Ndc6 34. Nf3 Ke7 35. a3 Kf6 36. Ke2 Nxf3 37. gxf3 e5 38. c3 Ne7 39. b4 Nc8 40.
c4 Ne7 41. b5 axb5 42. cxb5 Nc8 43. a4 b6 44. Kd2 Nd6 45. Kc3 Kg5 46. Be2 Kh4
47. Bf1 Kg5 48. Bh3 Kf6 49. Bg2 Kg5 50. Kb3 Kh4 51. a5 bxa5 52. b6 e4 53. Ka4
exf3 54. Bxf3 Kh3 55. b7 Nxb7 56. Bxb7 Kxh2 57. Bc8 f3 1/2-1/2

[Event "18è TORNEIG MAGISTRAL D'ESCACS CIUTAT D"]
[Site "Barcelona - Spain"]
[Date "????.??.??"]
[Round "3"]
[White "Narciso Dublan, Marc"]
[Black "Balogh, Csaba"]
[Result "1/2-1/2"]
[WhiteElo "2521"]
[BlackElo "2632"]
[PlyCount "81"]
[EventDate "2013.10.25"]
[EventRounds "7"]
[EventCountry "ESP"]

1. d4 d5 2. c4 c6 3. Nf3 Nf6 4. e3 Bg4 5. Qb3 Qb6 6. Ne5 Bf5 7. cxd5 Qxb3 8.
axb3 Nxd5 9. Bd3 Bxd3 10. Nxd3 e6 11. Bd2 Na6 12. Ke2 Nab4 13. Nxb4 Bxb4 14.
Bxb4 Nxb4 15. Nd2 a6 16. h4 f6 17. h5 Kf7 18. Ne4 Rhd8 19. Rh3 Nd5 20. Nc5 b6
21. Nd3 a5 22. Rhh1 Ne7 23. g4 Rd5 24. b4 Rb8 25. bxa5 Rxa5 26. Rxa5 bxa5 27.
Rc1 Rb5 28. Rc2 g6 29. hxg6+ hxg6 30. f4 g5 31. fxg5 Rxg5 32. Kf3 Rb5 33. Rh2
Nd5 34. e4 Nb4 35. Nc5 e5 36. Ke3 Kg6 37. Ne6 Kf7 38. Nc5 Kg6 39. Ne6 Kf7 40.
Nc5 Kg6 41. Ne6 1/2-1/2

[Event "18è TORNEIG MAGISTRAL D'ESCACS CIUTAT D"]
[Site "Barcelona - Spain"]
[Date "????.??.??"]
[Round "4"]
[White "Ftacnik, Lubomir"]
[Black "Balogh, Csaba"]
[Result "1/2-1/2"]
[WhiteElo "2546"]
[BlackElo "2632"]
[PlyCount "95"]
[EventDate "2013.10.25"]
[EventRounds "7"]
[EventCountry "ESP"]

1. d4 d5 2. c4 c6 3. e3 Bf5 4. Qb3 Qc7 5. cxd5 cxd5 6. Bb5+ Bd7 7. Nc3 e6 8.
Nf3 Bxb5 9. Nxb5 Qb6 10. Bd2 Nc6 11. a4 Qd8 12. O-O Nf6 13. Rfc1 Be7 14. Ne5 a6
15. Na3 Nxe5 16. dxe5 Ne4 17. Bc3 f6 18. exf6 Bxf6 19. Bxf6 Qxf6 20. f3 Nd6 21.
e4 dxe4 22. Rd1 Rd8 23. Nc4 Nxc4 24. Qxc4 O-O 25. Qxe4 Qxb2 26. Qxe6+ Kh8 27.
Qe1 Rfe8 28. Rxd8 Rxd8 29. Rd1 Qb6+ 30. Kf1 h6 31. Rxd8+ Qxd8 32. a5 b6 33.
axb6 Qxb6 34. Qe8+ Kh7 35. Qe4+ Qg6 36. Qb4 Qf5 37. Kf2 a5 38. Qc4 Qd7 39. Qe4+
g6 40. h4 h5 41. g4 hxg4 42. fxg4 a4 43. h5 Qf7+ 44. Kg3 Qc7+ 45. Kg2 Qd6 46.
hxg6+ Kh6 47. Qxa4 Qd2+ 48. Kf3 1/2-1/2

[Event "18è TORNEIG MAGISTRAL D'ESCACS CIUTAT D"]
[Site "Barcelona - Spain"]
[Date "????.??.??"]
[Round "4"]
[White "Lopez Martinez, Josep Manuel"]
[Black "Edouard, Romain"]
[Result "1/2-1/2"]
[WhiteElo "2555"]
[BlackElo "2657"]
[PlyCount "80"]
[EventDate "2013.10.25"]
[EventRounds "7"]
[EventCountry "ESP"]

1. e4 e6 2. d4 d5 3. e5 c5 4. c3 Nc6 5. Nf3 Bd7 6. Bd3 f6 7. O-O fxe5 8. dxe5
Nh6 9. c4 dxc4 10. Bxc4 Nf7 11. Re1 Be7 12. Bf4 Na5 13. Bd3 Bc6 14. Qe2 O-O 15.
Bg3 Nh6 16. Nbd2 Bd5 17. Be4 Nc6 18. Rad1 Nf5 19. Nc4 Ncd4 20. Nxd4 Nxd4 21.
Qd3 Bxe4 22. Rxe4 Qd5 23. b3 b5 24. Nd6 a5 25. Ree1 Rfb8 26. Rd2 Ra7 27. f3 Rf8
28. Rdd1 Qc6 29. Re4 Rd8 30. Rc1 Nf5 31. Qe2 Nxg3 32. hxg3 Bxd6 33. exd6 Rxd6
34. Re5 Rc7 35. Kh2 h6 36. f4 a4 37. bxa4 bxa4 38. Rc4 Kh8 39. Qe3 Qd7 40.
Rexc5 Rxc5 1/2-1/2

[Event "18è TORNEIG MAGISTRAL D'ESCACS CIUTAT D"]
[Site "Barcelona - Spain"]
[Date "????.??.??"]
[Round "5"]
[White "Shankland, Samuel L"]
[Black "Ftacnik, Lubomir"]
[Result "1-0"]
[WhiteElo "2605"]
[BlackElo "2546"]
[PlyCount "99"]
[EventDate "2013.10.25"]
[EventRounds "7"]
[EventCountry "ESP"]

1. d4 Nf6 2. c4 g6 3. f3 d5 4. cxd5 Nxd5 5. e4 Nb6 6. Nc3 Bg7 7. Be3 O-O 8. Qd2
Nc6 9. O-O-O f5 10. e5 Nb4 11. Nh3 Be6 12. Kb1 Nc4 13. Bxc4 Bxc4 14. b3 Bf7 15.
Bh6 Nd5 16. Bxg7 Kxg7 17. Nxd5 Bxd5 18. Nf4 a5 19. h4 h6 20. Rc1 c6 21. Rc5 Bf7
22. d5 cxd5 23. e6 Be8 24. Qd4+ Kh7 25. Rxd5 Qb8 26. h5 g5 27. Ng6 Bxg6 28. Rd7
Qe8 29. Rc1 Ra6 30. hxg6+ Kxg6 31. Qd5 Rd6 32. Rxd6 exd6 33. Rc7 Rf6 34. e7 b5
35. g4 fxg4 36. Qe4+ Kg7 37. Qxg4 a4 38. bxa4 bxa4 39. Qxa4 Kf7 40. Qc4+ Kg6
41. Qe4+ Kf7 42. Rb7 h5 43. a4 h4 44. Qd5+ Kg6 45. Rb5 Qxe7 46. Qg8+ Kh6 47.
Qxg5+ Kh7 48. Qxh4+ Kg7 49. Rg5+ Kf7 50. Qh5+ 1-0

[Event "18è TORNEIG MAGISTRAL D'ESCACS CIUTAT D"]
[Site "Barcelona - Spain"]
[Date "????.??.??"]
[Round "5"]
[White "Narciso Dublan, Marc"]
[Black "Lopez Martinez, Josep Manuel"]
[Result "1/2-1/2"]
[WhiteElo "2521"]
[BlackElo "2555"]
[PlyCount "61"]
[EventDate "2013.10.25"]
[EventRounds "7"]
[EventCountry "ESP"]

1. d4 Nf6 2. Bg5 e6 3. e4 h6 4. Bxf6 Qxf6 5. c3 d5 6. Nd2 Qd8 7. Ngf3 Be7 8.
Bd3 O-O 9. O-O dxe4 10. Nxe4 b6 11. Qe2 Bb7 12. Rad1 Nd7 13. Rd2 Bd6 14. Rfd1
Qe7 15. Ba6 Bc6 16. Nxd6 Qxd6 17. Ne5 Nxe5 18. dxe5 Qe7 19. Bb5 Bxb5 20. Qxb5
Rad8 21. Rd7 Rxd7 22. Rxd7 Qg5 23. g3 Qc1+ 24. Kg2 Qc2 25. Rxc7 Qe4+ 26. Kg1
Rd8 27. Rd7 Qb1+ 28. Kg2 Qe4+ 29. Kg1 Qb1+ 30. Kg2 Qe4+ 31. Kg1 1/2-1/2

[Event "18è TORNEIG MAGISTRAL D'ESCACS CIUTAT D"]
[Site "Barcelona - Spain"]
[Date "????.??.??"]
[Round "5"]
[White "Balogh, Csaba"]
[Black "Alsina Leal, Daniel"]
[Result "1-0"]
[WhiteElo "2632"]
[BlackElo "2539"]
[PlyCount "129"]
[EventDate "2013.10.25"]
[EventRounds "7"]
[EventCountry "ESP"]

1. e4 c5 2. Nf3 Nc6 3. Bb5 e6 4. O-O Nge7 5. Re1 a6 6. Bf1 d5 7. d3 d4 8. e5 b6
9. g3 Bb7 10. Bg2 Qc7 11. a4 Nd5 12. Na3 Be7 13. h4 h6 14. h5 Nb8 15. Bd2 Nd7
16. c3 dxc3 17. bxc3 O-O 18. Qe2 Rfb8 19. Nh2 Bc6 20. Ng4 Bf8 21. Be4 b5 22.
axb5 axb5 23. Nxb5 Rxb5 24. Rxa8 Bxa8 25. c4 Rb8 26. cxd5 exd5 27. Bf5 Re8 28.
Bf4 Re6 29. Nxh6+ gxh6 30. Qg4+ Kh8 31. Bxe6 fxe6 32. Qxe6 d4 33. Ra1 Qc6 34.
Qxc6 Bxc6 35. e6 Nf6 36. Be5 Bg7 37. Rc1 Nxh5 38. Rxc5 Ba4 39. Ra5 Bc6 40. Ra6
Bb5 41. Rb6 Ba4 42. Ra6 Bb5 43. Ra8+ Kh7 44. g4 Bxe5 45. gxh5 Bf6 46. e7 Bxe7
47. Ra7 Bxd3 48. Rxe7+ Kg8 49. Rd7 Be2 50. Rxd4 Bxh5 51. Rh4 Bf3 52. Rxh6 Kg7
53. Rb6 Kf7 54. Kh2 Kg7 55. Kg3 Be4 56. f4 Kf7 57. Kg4 Bd5 58. Kg5 Be4 59. f5
Bd5 60. Ra6 Kg7 61. Ra7+ Bf7 62. Rb7 Kg8 63. Kf6 Bc4 64. Rb8+ Kh7 65. Ke7 1-0

[Event "18è TORNEIG MAGISTRAL D'ESCACS CIUTAT D"]
[Site "Barcelona - Spain"]
[Date "????.??.??"]
[Round "6"]
[White "Ftacnik, Lubomir"]
[Black "Alsina Leal, Daniel"]
[Result "0-1"]
[WhiteElo "2546"]
[BlackElo "2539"]
[PlyCount "142"]
[EventDate "2013.10.25"]
[EventRounds "7"]
[EventCountry "ESP"]

1. Nf3 d5 2. b3 Bg4 3. Bb2 Bxf3 4. gxf3 e6 5. e3 Nf6 6. c4 c6 7. Nc3 Nbd7 8.
Rg1 g6 9. cxd5 exd5 10. Qc2 Bg7 11. d4 O-O 12. O-O-O Qa5 13. Kb1 Rac8 14. Bh3
Rc7 15. Qd2 Kh8 16. e4 Re8 17. a3 b5 18. Rge1 b4 19. Na2 dxe4 20. Nxb4 c5 21.
dxc5 Nxc5 22. Qd6 Nb7 23. Qa6 Qxa6 24. Nxa6 Rc6 25. Nb4 Rd6 26. Bg2 Rxd1+ 27.
Rxd1 Nc5 28. Nc6 a6 29. Ne5 Kg8 30. fxe4 Nfxe4 31. f4 f6 32. Nd7 f5 33. Nxc5
Nxc5 34. Bc6 Re2 35. Rd8+ Kf7 36. Bxg7 Kxg7 37. Bd5 Rxh2 38. Rc8 Ne4 39. b4 h5
40. a4 Rd2 41. Rc7+ Kh6 42. Bg8 Nf6 43. Bc4 h4 44. Bxa6 h3 45. Rc3 h2 46. Rh3+
Kg7 47. Bb7 Ne4 48. a5 Rd1+ 49. Kb2 h1=Q 50. Rxh1 Rxh1 51. a6 Rh2+ 52. Kb3 Rh3+
53. Ka4 Rh1 54. Ka5 Ra1+ 55. Kb6 Nd6 56. Kc5 Ne4+ 57. Kb6 g5 58. fxg5 Nd6 59.
Kc5 Ne4+ 60. Kb6 Nd6 61. Kc5 Nc8 62. Bxc8 Rc1+ 63. Kd4 Rxc8 64. b5 Rd8+ 65. Ke3
Re8+ 66. Kd4 f4 67. b6 f3 68. b7 f2 69. a7 f1=Q 70. b8=Q Rd8+ 71. Kc5 Qf8+ 0-1

[Event "18è TORNEIG MAGISTRAL D'ESCACS CIUTAT D"]
[Site "Barcelona - Spain"]
[Date "????.??.??"]
[Round "6"]
[White "Lopez Martinez, Josep Manuel"]
[Black "Balogh, Csaba"]
[Result "0-1"]
[WhiteElo "2555"]
[BlackElo "2632"]
[PlyCount "48"]
[EventDate "2013.10.25"]
[EventRounds "7"]
[EventCountry "ESP"]

1. c4 e5 2. g3 Nf6 3. Bg2 Nc6 4. Nc3 Bb4 5. Nd5 Bc5 6. a3 a5 7. e3 d6 8. Ne2
O-O 9. O-O Ba7 10. Nxf6+ Qxf6 11. Nc3 Qd8 12. Qc2 Ne7 13. f4 c6 14. f5 d5 15.
g4 e4 16. cxd5 cxd5 17. d4 Bb8 18. Qf2 Ra6 19. Ne2 h5 20. Bh3 hxg4 21. Bxg4 Rf6
22. Bd2 Nxf5 23. Bxf5 Bxf5 24. Qg2 Qd7 0-1

[Event "18è TORNEIG MAGISTRAL D'ESCACS CIUTAT D"]
[Site "Barcelona - Spain"]
[Date "????.??.??"]
[Round "6"]
[White "Shankland, Samuel L"]
[Black "Edouard, Romain"]
[Result "1/2-1/2"]
[WhiteElo "2605"]
[BlackElo "2657"]
[PlyCount "54"]
[EventDate "2013.10.25"]
[EventRounds "7"]
[EventCountry "ESP"]

1. d4 d5 2. c4 e6 3. Nf3 c5 4. cxd5 exd5 5. Nc3 Nc6 6. g3 Nf6 7. Bg2 Be7 8. O-O
O-O 9. dxc5 Bxc5 10. a3 Ne4 11. Qc2 Nxc3 12. Qxc3 Be7 13. Nd4 Nxd4 14. Qxd4 Be6
15. Bf4 Bf6 16. Be5 Bxe5 17. Qxe5 Qb6 18. Rad1 Rac8 19. Bxd5 Bxd5 20. Rxd5 Rce8
21. Qd4 Qxd4 22. Rxd4 Rxe2 23. b4 f6 24. Rd7 Rf7 25. Rd8+ Rf8 26. Rd7 Rf7 27.
Rd8+ Rf8 1/2-1/2

[Event "18è TORNEIG MAGISTRAL D'ESCACS CIUTAT D"]
[Site "Barcelona - Spain"]
[Date "????.??.??"]
[Round "7"]
[White "Edouard, Romain"]
[Black "Ftacnik, Lubomir"]
[Result "1/2-1/2"]
[WhiteElo "2657"]
[BlackElo "2546"]
[PlyCount "81"]
[EventDate "2013.10.25"]
[EventRounds "7"]
[EventCountry "ESP"]

1. d4 Nf6 2. c4 g6 3. g3 Bg7 4. Bg2 d5 5. cxd5 Nxd5 6. Nf3 Nb6 7. Nc3 Nc6 8. e3
O-O 9. O-O Re8 10. a3 Bd7 11. Nd2 Qc8 12. Nde4 Bh3 13. Bxh3 Qxh3 14. Qf3 Qf5
15. Qxf5 gxf5 16. Nc5 Rab8 17. Ne2 Red8 18. Ra2 Nd7 19. Nd3 e6 20. b4 Ne7 21.
Rc2 c6 22. a4 Nd5 23. Bd2 a6 24. f3 N5b6 25. Nc5 e5 26. dxe5 Bxe5 27. Bc3 Bxc3
28. Nxc3 Nxc5 29. bxc5 Nc4 30. Kf2 Rd3 31. Re1 Re8 32. e4 Nd2 33. Re3 Rxe3 34.
Kxe3 Nb3 35. Kf4 Nxc5 36. Kxf5 Ne6 37. Rd2 b5 38. axb5 axb5 39. e5 b4 40. Ne4
Rb8 41. Rb2 1/2-1/2

[Event "18è TORNEIG MAGISTRAL D'ESCACS CIUTAT D"]
[Site "Barcelona - Spain"]
[Date "????.??.??"]
[Round "7"]
[White "Narciso Dublan, Marc"]
[Black "Shankland, Samuel L"]
[Result "1-0"]
[WhiteElo "2521"]
[BlackElo "2605"]
[PlyCount "101"]
[EventDate "2013.10.25"]
[EventRounds "7"]
[EventCountry "ESP"]

1. e4 c5 2. Nc3 Nc6 3. g3 g6 4. Bg2 Bg7 5. d3 d6 6. Be3 Nf6 7. Nge2 O-O 8. O-O
Rb8 9. a4 a6 10. Qc1 b5 11. axb5 axb5 12. Bh6 b4 13. Bxg7 Kxg7 14. Nd5 e5 15.
Nxf6 Qxf6 16. h3 Qe7 17. f4 f6 18. Kh2 Bd7 19. Qd2 Ra8 20. Rfb1 Rfb8 21. Qd1
Qd8 22. Rxa8 Rxa8 23. Ra1 Nd4 24. Rxa8 Qxa8 25. c3 Nxe2 26. Qxe2 bxc3 27. bxc3
Qa1 28. Qd2 Ba4 29. h4 Qd1 30. Qe3 h6 31. fxe5 fxe5 32. Qf3 Qxf3 33. Bxf3 Bc2
34. Be2 c4 35. dxc4 Bxe4 36. Kg1 Kf6 37. Kf2 Ke6 38. Ke3 Bb1 39. Bg4+ Bf5 40.
Be2 Kd7 41. g4 Bb1 42. g5 h5 43. Bf3 Ke6 44. Be4 Ba2 45. c5 dxc5 46. Bxg6 Bd5
47. Bxh5 Kf5 48. Be8 Bb7 49. Bd7+ Kg6 50. Bg4 Bc6 51. Be6 1-0